Patterns in the balance of nature and related problems in quantitative ecology / (Record no. 11934)
[ view plain ]
| 000 -LEADER | |
|---|---|
| fixed length control field | 00938cam a22002771 4500 |
| 001 - CONTROL NUMBER | |
| control field | 11934 |
| 003 - CONTROL NUMBER IDENTIFIER | |
| rucl marc code | BD-RjUL |
| 005 - DATE AND TIME OF LATEST TRANSACTION | |
| control field | 20211208235215.0 |
| 008 - FIXED-LENGTH DATA ELEMENTS--GENERAL INFORMATION | |
| fixed length control field | 140127s1964 enka b 001 0 eng |
| 035 ## - SYSTEM CONTROL NUMBER | |
| System control number | (BD-RjUL)11983 |
| System control number | (OCoLC)338468 |
| 040 ## - CATALOGING SOURCE | |
| Original cataloging agency | DLC |
| Transcribing agency | GACCLC |
| Modifying agency | OCoLC |
| -- | OClW-H |
| -- | OCoLC |
| -- | Uk |
| -- | DLC |
| -- | BD-RjUL |
| Language of cataloging | eng |
| 041 ## - LANGUAGE CODE | |
| Language code of text/sound track or separate title | eng |
| 082 ## - DEWEY DECIMAL CLASSIFICATION NUMBER | |
| Classification number | 574.5 |
| Author mark and year | WIP 1964 |
| 100 1# - MAIN ENTRY--PERSONAL NAME | |
| Personal name | Williams, Carrington Bonsor, |
| Dates associated with a name | 1889- |
| 9 (RLIN) | 37005 |
| 245 10 - TITLE STATEMENT | |
| Title | Patterns in the balance of nature and related problems in quantitative ecology / |
| Statement of responsibility, etc. | Carrington Bonsor Williams |
| 260 ## - PUBLICATION, DISTRIBUTION, ETC. (IMPRINT) | |
| Place of publication, distribution, etc. | London ; |
| -- | New York : |
| Name of publisher, distributor, etc. | Academic Press , |
| Date of publication, distribution, etc. | c1964. |
| 300 ## - PHYSICAL DESCRIPTION | |
| Pagination | vii, 324 p. : |
| Illustrations | illus., diagrs. ; |
| Size | 23 cm. |
| 504 ## - BIBLIOGRAPHY, ETC. NOTE | |
| Bibliography, etc | Bibliography: p. [299]-306. and index. |
| 650 #0 - SUBJECT ADDED ENTRY--TOPICAL TERM | |
| Topical term or geographic name as entry element | Ecology. |
| 9 (RLIN) | 37007 |
| Topical term or geographic name as entry element | Animal populations. |
| 9 (RLIN) | 37008 |
| 942 ## - ADDED ENTRY ELEMENTS (KOHA) | |
| Source of classification or shelving scheme | Dewey Decimal Classification |
| Koha item type | Books |
| Lost status | Source of classification or shelving scheme | Damaged status | Not for loan | Collection code | Permanent Location | Current Location | Shelving location | Date acquired | Source of acquisition | Total Checkouts | Full call number | Date last seen | Copy number | Koha item type |
|---|---|---|---|---|---|---|---|---|---|---|---|---|---|---|
| Dewey Decimal Classification | Not For Loan | Non-fiction | Central Library, University of Rajshahi | Central Library, University of Rajshahi | Reading Room | 01/06/1966 | Asia Foundation | 574.5 WIP 1964 | 27/01/2014 | C-1 | Books |